Geography Quiz

Random Geography or City Quiz
Score 0/54 Timer 10:00
0 Plays Today
% Correct
Cairo
92.7%
Algiers
91.8%
Djibouti
91.3%
São Tomé
89.9%
Tunis
89.9%
Nairobi
89.5%
Pretoria
89%
Bissau
88.6%
Addis Ababa
87.2%
Mogadishu
86%
Tripoli
85.4%
Khartoum
84.9%
Antananarivo
84%
Rabat
82.8%
Freetown
82.8%
Accra
82.2%
Dakar
81.2%
Ouagadougou
78.9%
Juba
78.5%
Abuja
77.1%
Lomé
77.1%
Bujumbura
76.7%
Harare
76.7%
Asmara
76.2%
Victoria
75.1%
Kampala
75.1%
Kinshasa
74.6%
% Correct
Brazzaville
74.4%
Windhoek
74.1%
Monrovia
73.2%
Niamey
73%
Conakry
72.3%
Kigali
72.3%
Luanda
71.9%
N'Djamena
71.6%
Yamoussoukro
71.4%
Lilongwe
70.9%
Yaoundé
69.8%
Porto-Novo
69.3%
Dodoma
69.3%
Mbabane
68.6%
Gaborone
68.4%
Bamako
68%
Maputo
68%
Port Louis
65.2%
Lusaka
64.5%
Libreville
63.8%
Nouakchott
63.6%
Maseru
63.4%
Bangui
63.2%
Praia
61.8%
Banjul
60.6%
Moroni
60%
Malabo
54.5%
Remove Ads.
Support Sporcle.
Get the best of Sporcle when you Go Orange. This ad-free experience offers more features, more stats, and more fun while also helping to support Sporcle. Thank you for becoming a member.

You're not logged in!

Compare scores with friends on all Sporcle quizzes.
OR
Log In

Show Comments

Extras

Top Quizzes Today


Score Distribution

Your Account Isn't Verified!

In order to create a playlist on Sporcle, you need to verify the email address you used during registration. Go to your Sporcle Settings to finish the process.

Report this User

Report this user for behavior that violates our Community Guidelines.

Details: